<?xml version="1.0" encoding="UTF-8"?><?xml-stylesheet type="text/xsl" href="static/style.xsl"?><OAI-PMH xmlns="http://www.openarchives.org/OAI/2.0/" xmlns:xsi="http://www.w3.org/2001/XMLSchema-instance" xsi:schemaLocation="http://www.openarchives.org/OAI/2.0/ http://www.openarchives.org/OAI/2.0/OAI-PMH.xsd"><responseDate>2026-04-28T19:02:49Z</responseDate><request verb="GetRecord" identifier="oai:uvadoc.uva.es:10324/62879" metadataPrefix="marc">https://uvadoc.uva.es/oai/request</request><GetRecord><record><header><identifier>oai:uvadoc.uva.es:10324/62879</identifier><datestamp>2025-03-26T19:45:19Z</datestamp><setSpec>com_10324_5262</setSpec><setSpec>com_10324_5186</setSpec><setSpec>com_10324_29291</setSpec><setSpec>col_10324_62871</setSpec></header><metadata><record xmlns="http://www.loc.gov/MARC21/slim" xmlns:doc="http://www.lyncode.com/xoai" xmlns:xsi="http://www.w3.org/2001/XMLSchema-instance" xmlns:dcterms="http://purl.org/dc/terms/" xsi:schemaLocation="http://www.loc.gov/MARC21/slim http://www.loc.gov/standards/marcxml/schema/MARC21slim.xsd">
<leader>00925njm 22002777a 4500</leader>
<datafield tag="042" ind1=" " ind2=" ">
<subfield code="a">dc</subfield>
</datafield>
<datafield tag="720" ind1=" " ind2=" ">
<subfield code="a">De Soveral Martins, Alexandre</subfield>
<subfield code="e">author</subfield>
</datafield>
<datafield tag="260" ind1=" " ind2=" ">
<subfield code="c">2023</subfield>
</datafield>
<datafield tag="520" ind1=" " ind2=" ">
<subfield code="a">La reciente transposición en Portugal de la Directiva 2019/1023 (Directiva de Reestructuración e Insolvencia) a través de la L 9/2022 y la transposición en España, así como la preparación de una nueva Directiva, justifican analizar en qué medida los textos ya disponibles contribuyen a la defensa del Derecho al Trabajo y del Derecho a la Iniciativa Económica. Algunas soluciones apuntadas por la Directiva 2019/1023 ponen de manifiesto las preocupaciones mencionadas. Se refieren a la protección de los créditos de los trabajadores en caso de suspensión de las medidas de ejecución, la información y consulta de los representantes de los trabajadores, el contenido del plan de reestructuración y el tratamiento de los derechos de los trabajadores en general en el régimen preventivo de reestructuración. La transposición de la Directiva 2019/1023 también plantea cuestiones interesantes en relación con la protección del Derecho de Iniciativa Económica. En particular, la condición de deudor no privado y el derecho a activar la aplicación del régimen de reestructuración preventiva o a presentar un plan de reestructuración preventiva.</subfield>
</datafield>
<datafield tag="024" ind2=" " ind1="8">
<subfield code="a">Revista de Estudios Europeos; Núm. Extraordinario monográfico 2 (2023): Los derechos fundamentales en el siglo XXI pags. 370-383</subfield>
</datafield>
<datafield tag="024" ind2=" " ind1="8">
<subfield code="a">2530-9854</subfield>
</datafield>
<datafield tag="024" ind2=" " ind1="8">
<subfield code="a">https://uvadoc.uva.es/handle/10324/62879</subfield>
</datafield>
<datafield tag="024" ind2=" " ind1="8">
<subfield code="a">10.24197/ree.Extraordinario monográfico 2.2023.370-383</subfield>
</datafield>
<datafield tag="024" ind2=" " ind1="8">
<subfield code="a">370</subfield>
</datafield>
<datafield tag="024" ind2=" " ind1="8">
<subfield code="a">Extraordinario monográfico 2</subfield>
</datafield>
<datafield tag="024" ind2=" " ind1="8">
<subfield code="a">383</subfield>
</datafield>
<datafield tag="245" ind1="0" ind2="0">
<subfield code="a">Sobre el lugar de las Leyes de Insolvencia y Reestructuración de Empresas en la garantía del Derecho al Trabajo y el Derecho a la Iniciativa Económica</subfield>
</datafield>
</record></metadata></record></GetRecord></OAI-PMH>